LEGO DC Comics Super Heroes : (Record no. 492736)
[ view plain ]
| 000 -LEADER | |
|---|---|
| fixed length control field | 00764nam a22002417a 4500 |
| 003 - CONTROL NUMBER IDENTIFIER | |
| control field | OSt |
| 005 - DATE AND TIME OF LATEST TRANSACTION | |
| control field | 20260512161134.0 |
| 008 - FIXED-LENGTH DATA ELEMENTS--GENERAL INFORMATION | |
| fixed length control field | 260512b |||||||| |||| 00| 0 eng d |
| 020 ## - INTERNATIONAL STANDARD BOOK NUMBER | |
| International Standard Book Number | 9781465454058 |
| 040 ## - CATALOGING SOURCE | |
| Original cataloging agency | Kenya National Library Service |
| 082 ## - DEWEY DECIMAL CLASSIFICATION NUMBER | |
| Classification number | 741.5973 LEG |
| 110 ## - MAIN ENTRY--CORPORATE NAME | |
| Corporate name or jurisdiction name as entry element | LEGO Group. |
| 245 ## - TITLE STATEMENT | |
| Title | LEGO DC Comics Super Heroes : |
| Remainder of title | fight the villains / |
| Statement of responsibility, etc. | LEGO Group. |
| 250 ## - EDITION STATEMENT | |
| Edition statement | First American edition. |
| 300 ## - PHYSICAL DESCRIPTION | |
| Extent | 191 pages : |
| Other physical details | colour illustrations ; |
| Dimensions | 24 cm. |
| 490 ## - SERIES STATEMENT | |
| Series statement | LEGO DC Comics Super Heroes. |
| 504 ## - BIBLIOGRAPHY, ETC. NOTE | |
| Bibliography, etc. note | Includes index. |
| 650 ## - SUBJECT ADDED ENTRY--TOPICAL TERM | |
| Topical term or geographic name entry element | Superheroes |
| Form subdivision | Comic books, strips, etc. |
| 650 ## - SUBJECT ADDED ENTRY--TOPICAL TERM | |
| Topical term or geographic name entry element | Children's stories, English. |
| 942 ## - ADDED ENTRY ELEMENTS (KOHA) | |
| Source of classification or shelving scheme | Dewey Decimal Classification |
| Koha item type | Books |
| Suppress in OPAC | No |
| Withdrawn status | Source of classification or shelving scheme | Damaged status | Not for loan | Collection | Home library | Current library | Date acquired | Source of acquisition | Cost, normal purchase price | Total checkouts | Full call number | Barcode | Date last seen | Price effective from | Koha item type |
|---|---|---|---|---|---|---|---|---|---|---|---|---|---|---|---|
| Dewey Decimal Classification | Junior Books | Acquisition, Cataloguing, Classification and Distribution Development | Acquisition, Cataloguing, Classification and Distribution Development | 05/12/2026 | BAI | 3424.00 | 741.5973 LEG | B234536 | 05/12/2026 | 05/12/2026 | Books |
